| 000 | 00839nam a2200229Ii 4500 | ||
|---|---|---|---|
| 003 | JO-AjNU | ||
| 008 | 230605s9999||||xx |||||||||||||| ||und|| | ||
| 017 | _a1432/8270 | ||
| 020 | _a978-603-90258-2-5 | ||
| 040 |
_aJO-AjNU _bara _erda _cJO-AjNU |
||
| 041 | _aara | ||
| 050 | 1 | 4 | _aJx1245.2012 |
| 100 | 3 |
_aتأليف محمد، نصر محمد, _eauthor _944671 |
|
| 245 | 0 | 0 | _aالوسيط في القانون الدولي العام |
| 250 | _aط1 | ||
| 264 | 3 | 1 | _aالرياض: مكتبة القانون والاقتصاد، 2012 |
| 300 |
_a460ص _bيشتمل على ملاحق باللغة العربية واللغة الانجليزية ص(449-455) |
||
| 336 |
_atext _btxt _2rdacontent |
||
| 337 |
_aunmediated _bn _2rdamedia |
||
| 338 |
_avolume _bnc _2rdacarrier |
||
| 650 | 4 |
_aالقانون الدولي العام _944672 |
|
| 999 |
_aA19305 _c22873 _d22873 |
||